000 01050cab a2200277 4500
001 WB3416-10
008 090401t1998 xxu||||| |||| 00| 0 eng d
035 _a(Sirsi) u85917
041 _aeng
245 _aCommercial market confidence wanes
260 _c1998
350 _a0
490 _aRICS Press Release
_v(pr52.com) 28 April 1998, (3)
520 _aThe strength of sterling and a rise in stamp duty has hit confidence in the commercial property sector, according to the RICS Commercial Property Survey for 1Q 1998. Copies available from the RICS Library, price £30.
650 _aCONFIDENCE
650 _aECONOMIC EFFECTS
650 _aINDUSTRIAL MARKET
650 _aPROPERTY-COMMERCIAL PROPERTY-OFFICE PROPERTY-OFFICE PROPERTY MARKET
650 _aPROPERTY-COMMERCIAL PROPERTY-RETAIL PROPERTY-RETAIL PROPERTY MARKET
650 _aRICS COMMERCIAL PROPERTY SURVEY
650 _aSTAMP DUTY
650 _aSTERLING
690 _aPROPERTY-COMMERCIAL PROPERTY-COMMERCIAL PROPERTY MARKET
942 _n0
948 _c30/04/1998
999 _c54048
_d54048